000 00323nam a22001457a 4500
008 221010b ||||| |||| 00| 0 eng d
020 _a9780683045062
041 _aeng
080 _2CO EDITION
_a61
082 _a61 KAM
100 _a5
101 _aMJEK
245 _aMEDICAL CONSULTATION
_cWILLIAM K
942 _2udc
_cBK
999 _c58443
_d58443